[Event "Oslo Vederhus Memorial op B"]
[Site "Oslo"]
[Date "2013.09.29"]
[Round "8"]
[White "Harstad, Christian"]
[Black "Sodtholt, Dag"]
[Result "0-1"]
[WhiteElo "1917"]
[BlackElo "1994"]
[PlyCount "110"]
[EventDate "2013.09.29"]
[EventType "swiss"]
[EventRounds "9"]
[EventCountry "NOR"]
[SourceTitle "EXT 2024"]
[Source "ChessBase"]
[SourceDate "2023.10.10"]
[SourceVersion "1"]
[SourceVersionDate "2023.10.10"]
[SourceQuality "1"]

1. d4 d5 2. c4 Nc6 3. cxd5 Qxd5 4. e3 e5 5. Nc3 Bb4 6. Bd2 Bxc3 7. bxc3 Nf6 8. Qb3 Qd6 9. Bd3 0-0 10. Ne2 a6 11. Ng3 Rd8 12. 0-0 Be6 13. Qc2 exd4 14. cxd4 Nxd4 15. exd4 Qxd4 16. Bxh7+ Nxh7 17. Bc3 Qd3 18. Qb2 f6 19. Rfe1 Bc4 20. h4 b5 21. Re7 Rd7 22. Re3 Qd5 23. h5 c5 24. a3 a5 25. h6 b4 26. Be1 gxh6 27. Ne4 Rf8 28. axb4 axb4 29. Ra5 Qd4 30. Qxd4 cxd4 31. Rg3+ Kf7 32. Bxb4 Rb8 33. Bd2 Ng5 34. Nc5 Rc7 35. Rg4 Rd8 36. f4 f5 37. Rh4 Ne4 38. Rxh6 Rxc5 39. Ra7+ Kg8 40. Rah7 Nf6 41. Ra7 Rd7 42. Rxd7 Nxd7 43. g4 fxg4 44. Rg6+ Kf7 45. Rxg4 Be2 46. Rg2 d3 47. Kf2 Rc2 48. Ke3 Nf6 49. Ba5 Ra2 50. Bd2 Ng4+ 51. Rxg4 Bxg4 52. Kxd3 Ke6 53. Bc3 Kd5 54. Be5 Ra3+ 55. Kd2 Bf5 0-1

[Event "Oslo Vederhus Memorial op B"]
[Site "Oslo"]
[Date "2013.09.29"]
[Round "9"]
[White "Lien, Kjell Hakon"]
[Black "Sodtholt, Dag"]
[Result "1-0"]
[WhiteElo "1939"]
[BlackElo "1994"]
[PlyCount "65"]
[EventDate "2013.09.29"]
[EventType "swiss"]
[EventRounds "9"]
[EventCountry "NOR"]
[SourceTitle "EXT 2024"]
[Source "ChessBase"]
[SourceDate "2023.10.10"]
[SourceVersion "1"]
[SourceVersionDate "2023.10.10"]
[SourceQuality "1"]

1. e4 c5 2. Nf3 d6 3. d4 cxd4 4. Nxd4 Nf6 5. Nc3 g6 6. Be3 Bg7 7. f3 0-0 8. Qd2 Nc6 9. g4 Be6 10. Nxe6 fxe6 11. 0-0-0 Ne5 12. Be2 Qc8 13. h4 Nfd7 14. h5 Nc4 15. Bxc4 Qxc4 16. hxg6 hxg6 17. f4 Bxc3 18. bxc3 Rac8 19. Bd4 Qxa2 20. Qh2 Kf7 21. Qh7+ Ke8 22. Qxg6+ Kd8 23. Qg7 Rc4 24. Kd2 Qa6 25. Ra1 Ra4 26. Rxa4 Qxa4 27. g5 Rxf4 28. Rh8+ Kc7 29. Qxe7 Rxe4 30. Qd8+ Kc6 31. Qc8+ Kd5 32. Qxb7+ Qc6 33. c4+ 1-0

[Event "Oslo Vederhus Memorial op B"]
[Site "Oslo"]
[Date "2013.09.29"]
[Round "4"]
[White "Moberg, Jan Rune"]
[Black "Sodtholt, Dag"]
[Result "0-1"]
[WhiteElo "1714"]
[BlackElo "1994"]
[PlyCount "96"]
[EventDate "2013.09.29"]
[EventType "swiss"]
[EventRounds "9"]
[EventCountry "NOR"]
[SourceTitle "EXT 2024"]
[Source "ChessBase"]
[SourceDate "2023.10.10"]
[SourceVersion "1"]
[SourceVersionDate "2023.10.10"]
[SourceQuality "1"]

1. d4 d5 2. c4 Nc6 3. e3 e5 4. cxd5 Qxd5 5. Nc3 Bb4 6. Bd2 Bxc3 7. bxc3 Nf6 8. c4 Qd6 9. d5 Ne7 10. Qb3 a5 11. Bd3 e4 12. Bf1 c6 13. Rc1 cxd5 14. c5 Qc7 15. Ne2 Nc6 16. Nc3 Be6 17. Nb5 Qd7 18. Nd6+ Ke7 19. Qb2 Rhb8 20. Qb6 Qd8 21. Qxd8+ Nxd8 22. Nb5 Ne8 23. Bc3 f6 24. Nd4 Rc8 25. Nxe6 Nxe6 26. Bd4 b6 27. c6 Nxd4 28. exd4 Nd6 29. Be2 Nc4 30. Rxc4 dxc4 31. d5 b5 32. a4 bxa4 33. Bxc4 Rab8 34. Kd2 Rb2+ 35. Ke3 Kd6 36. Ra1 Rb4 37. Kd4 f5 38. f3 exf3 39. gxf3 Re8 40. Rc1 Re2 41. Kd3 Re5 42. f4 Re7 43. h4 a3 44. Rc3 Re4 45. Ba6 Red4+ 46. Ke3 Kc7 47. Rxa3 Rxd5 48. Bb7 a4 0-1

[Event "NOR-chT Ishav 0708"]
[Site "Oslo"]
[Date "2007.11.11"]
[Round "3"]
[White "Sodtholt, Dag"]
[Black "Lahlum, Hans Olav"]
[Result "0-1"]
[WhiteElo "1966"]
[BlackElo "2148"]
[PlyCount "94"]
[EventDate "2007.11.09"]
[EventType "team-swiss"]
[EventRounds "9"]
[EventCountry "NOR"]
[SourceTitle "EXT 2010"]
[Source "ChessBase"]
[SourceDate "2010.11.25"]
[SourceVersion "1"]
[SourceVersionDate "2010.11.25"]
[SourceQuality "1"]

1. c4 e6 2. Nf3 d5 3. b3 Nf6 4. g3 Be7 5. Bg2 0-0 6. 0-0 c5 7. Bb2 Nc6 8. e3 d4 9. exd4 cxd4 10. Re1 Ne8 11. a3 a5 12. Ne5 Nxe5 13. Rxe5 f6 14. Re1 e5 15. f4 Bd6 16. fxe5 fxe5 17. b4 Nf6 18. c5 Bc7 19. Qb3+ Kh8 20. b5 a4 21. Qc4 Re8 22. d3 Be6 23. Qc2 Bd5 24. b6 Bb8 25. Bxd5 Qxd5 26. Nd2 Rc8 27. Ne4 Nxe4 28. Rxe4 Rxc5 29. Qe2 Bd6 30. Rf1 Rf8 31. Re1 Qc6 32. Qh5 Rc2 33. R4e2 Kg8 34. Qg4 Rxe2 35. Rxe2 Qf3 36. Qxf3 Rxf3 37. Rd2 Bc5 38. Kg2 Rf6 39. Rc2 Bxb6 40. Rc4 e4 41. Bxd4 exd3 42. Bxb6 Rxb6 43. Kf3 Rd6 44. Rc1 d2 45. Rd1 Rd3+ 46. Ke2 Rxa3 47. Kxd2 b5 0-1

[Event "NOR-ch qual-A"]
[Site "Oslo"]
[Date "2007.04.05"]
[Round "7"]
[White "Sodtholt, Dag"]
[Black "Lindsoe, Fredrik Aunan"]
[Result "0-1"]
[WhiteElo "2009"]
[BlackElo "1958"]
[PlyCount "117"]
[EventDate "2007.04.01"]
[EventType "swiss"]
[EventRounds "7"]
[EventCountry "NOR"]
[SourceTitle "EXT 2008"]
[Source "ChessBase"]
[SourceDate "2007.11.25"]
[SourceVersion "1"]
[SourceVersionDate "2007.11.25"]
[SourceQuality "1"]

1. c4 c5 2. Nc3 Nc6 3. g3 g6 4. Bg2 Bg7 5. a3 d6 6. Rb1 e6 7. b4 cxb4 8. axb4 Nge7 9. b5 Ne5 10. Rb4 Qc7 11. Qa4 Bd7 12. d4 Ng4 13. Nf3 0-0 14. h3 Nh6 15. Qb3 Nhf5 16. e3 Nc8 17. 0-0 Nb6 18. Bb2 Rfc8 19. Nd2 Bh6 20. Nce4 Bg7 21. Rc1 Be8 22. c5 Nd5 23. Ra4 Qd7 24. Bf1 a6 25. Rca1 Nc7 26. g4 d5 27. Nc3 e5 28. gxf5 exd4 29. exd4 Qxf5 30. Qd1 Ne6 31. Nf3 Nf4 32. R4a3 Nxh3+ 33. Bxh3 Qxh3 34. bxa6 bxa6 35. Ne2 Qg4+ 36. Ng3 Rab8 37. Rb3 h5 38. Kf1 h4 39. Ne2 h3 40. Ng3 Bb5+ 41. Kg1 Be2 42. Rxb8 Bxd1 43. Rxc8+ Qxc8 44. Rxd1 Qg4 45. Rd3 f5 46. Bc1 f4 47. Nh2 Qh4 48. Ne2 g5 49. c6 Qh7 50. c7 Qf5 51. Rc3 Qc8 52. Ba3 Bf6 53. f3 Bd8 54. cxd8Q+ Qxd8 55. Ng4 Qb6 56. Kh2 Qb5 57. Ng1 Qa5 58. Rc8+ Kh7 59. Nxh3 0-1